Fr. Conceicao Rodrigues College of Engineering

The machine that changed the World (Record no. 26054)

MARC details
000 -LEADER
fixed length control field 00331nam a2200145Ia 4500
082 ## - DEWEY DECIMAL CLASSIFICATION NUMBER
Classification number 385.32
Item number WOM
100 ## - MAIN ENTRY--PERSONAL NAME
Personal name Womack/James/ Jones/D.T
245 ## - TITLE STATEMENT
Title The machine that changed the World
260 ## - PUBLICATION, DISTRIBUTION, ETC.
Name of publisher, distributor, etc. Maxwell
Date of publication, distribution, etc. 1990
300 ## - PHYSICAL DESCRIPTION
Extent 323
546 ## - LANGUAGE NOTE
Language note ENGLISH
-- Info.Tech
650 ## - SUBJECT ADDED ENTRY--TOPICAL TERM
Topical term or geographic name entry element MANUFACTURING
654 ## - SUBJECT ADDED ENTRY--FACETED TOPICAL TERMS
Focus term world
942 ## - ADDED ENTRY ELEMENTS (KOHA)
Koha item type BOOK
Holdings
Withdrawn status Lost status Damaged status Not for loan Collection Home library Current library Date acquired Total Checkouts Full call number Barcode Date last seen Price effective from Koha item type
        CRC Fr. Agnel's C.Rodrigues College of Engineering Fr. Agnel's C.Rodrigues College of Engineering 17/03/2023   385.32 WOM 21044 17/03/2023   BOOK
        CRC Fr. Agnel's C.Rodrigues College of Engineering Fr. Agnel's C.Rodrigues College of Engineering 17/03/2023   385.32 WOM 21045 17/03/2023   Reference Book